Jane Eyre
| Main Author: | |
|---|---|
| Other Authors: | |
| Format: | Book |
| Published: |
England :
Pearson Education Ltd. ,
2000
|
| Series: | Penguin readers
|
| Subjects: |
MARC
| LEADER | 00000cam a2200000 7i4500 | ||
|---|---|---|---|
| 001 | 0000056841 | ||
| 005 | 20071009.0 | ||
| 020 | |a 0582417805 | ||
| 090 | 0 | 0 | |a JF |b PEN |
| 100 | 1 | |a Bronte |c Charlotte | |
| 245 | 1 | 0 | |a Jane Eyre |c Charlotte Bronte |
| 260 | |a England : |b Pearson Education Ltd. , |c 2000 | ||
| 300 | |a 39p. : |b ill. ; |c 20cm. | ||
| 490 | 0 | |a Penguin readers | |
| 650 | 0 | 0 | |a Children's stories |
| 700 | 1 | |a Ward, Ann | |
| 999 | |a 136659 |b BUKU |c PINJAMAN |e PERPUSTAKAAN KOMUNITI PETALING JAYA | ||
| 999 | |a 136660 |b BUKU |c PINJAMAN |e PERPUSTAKAAN KOMUNITI PETALING JAYA | ||